=LDR 00000nam 2200000 4500 =001 INLIS000000000006834 =005 20130612094927 =008 ***********************************Ind** =035 ##$$0010-061300000006834 =041 ##$$a Ind =082 ##$$a 891.5 =090 ##$$a 891.5, Had r =100 ##$$a Hadi, Abdul =245 ##$$a Rubaiyat Omar Khayam, Abdul Hadi W.M =260 ##$$a 1993 $b Bandung =300 ##$$a 79 hlm., 18 cm =650 ##$$a Kesusastraan Persia =850 ##$$a NBPNMAT